| 000 | 00576pam a2200193 a 4500 | ||
|---|---|---|---|
| 999 |
_c41124 _d41124 |
||
| 003 | OSt | ||
| 005 | 20210705131044.0 | ||
| 008 | 210705b ||||| |||| 00| 0 eng d | ||
| 020 | _a9788177585469 | ||
| 040 | _coclc | ||
| 082 | 0 | 0 |
_a515.14 _bGRE/A |
| 100 | 1 |
_aGreenberg, Michael D. _98636 |
|
| 245 | 1 | 0 | _aAdvanced engineering mathematics / |
| 250 | _a2nd ed. | ||
| 260 |
_aUpper Saddle River, N.J. : _bPrentice Hall, _cc1998. |
||
| 300 |
_a1346 p. : _bill. ; |
||
| 650 | 0 | _aEngineering mathematics. | |
| 942 |
_cBK _2ddc _h515.14 _iGRE/A _k515.14 _mGRE/A |
||